Cultural theory / (Record no. 8077)

MARC details
000 -LEADER
campo de control de longitud fija 00834nam a2200277 i 4500
001 - NÚMERO DE CONTROL
campo de control 8077
003 - IDENTIFICADOR DE NÚMERO DE CONTROL
campo de control ES-MaACL
005 - FECHA Y HORA DE LA ÚLTIMA TRANSACCIÓN
campo de control 20250808011646.0
007 - CAMPO FIJO DE DESCRIPCIÓN FÍSICA--INFORMACIÓN GENERAL
campo de control de longitud fija t|
008 - DATOS DE LONGITUD FIJA--INFORMACIÓN GENERAL
campo de control de longitud fija 910624s1990 xxu ||||1| eng d
020 ## - NÚMERO INTERNACIONAL ESTÁNDAR DEL LIBRO
Número Internacional Estándar del Libro 0-8133-7864-8
080 ## - NÚMERO DE LA CLASIFICACIÓN DECIMAL UNIVERSAL
Número de la Clasificación Decimal Universal 008
100 1# - ENTRADA PRINCIPAL--NOMBRE DE PERSONA
Nombre de persona Thompson, Michael.
9 (RLIN) 110097
245 10 - MENCIÓN DEL TÍTULO
Título Cultural theory /
Mención de responsabilidad, etc. Michael Thompson, Richard Ellis, Aaron Wildavsky.
260 ## - PUBLICACIÓN, DISTRIBUCIÓN, ETC.
Lugar de publicación, distribución, etc. Boulder, San Francisco ;
-- Oxford :
Nombre del editor, distribuidor, etc. Westview Press,
Fecha de publicación, distribución, etc. 1990.
300 ## - DESCRIPCIÓN FÍSICA
Extensión XVI, 296 p. ;
Dimensiones 22 cm.
490 1# - MENCIÓN DE SERIE
Mención de serie Political cultures
500 ## - NOTA GENERAL
Nota general Indices.
504 ## - NOTA DE BIBLIOGRAFÍA, ETC.
Nota de bibliografía, etc. Bibliogr.: p. 277-282.
650 #7 - PUNTO DE ACCESO ADICIONAL DE MATERIA--TÉRMINO DE MATERIA
Término de materia o nombre geográfico como elemento de entrada Vida intelectual
Fuente del encabezamiento o término embne
9 (RLIN) 159621
700 1# - ENTRADA AGREGADA--NOMBRE PERSONAL
Nombre de persona Ellis, Richard.
9 (RLIN) 47053
700 1# - ENTRADA AGREGADA--NOMBRE PERSONAL
Nombre de persona Wildavsky, Aaron.
9 (RLIN) 116821
830 0# - PUNTO DE ACCESO ADICIONAL DE SERIE-TÍTULO UNIFORME
Título uniforme Political cultures
9 (RLIN) 227953
852 ## - LOCALIZACIÓN
Ubicación ES-MaACL
Número de control de estantería L-15263
Sublocalización o colección R.118978
Holdings
Estatus retirado Estado de pérdida Estado de daño No para préstamo Biblioteca de origen Biblioteca actual Ubicación en estantería Fecha de adquisición Fuente de adquisición Total de préstamos Signatura topográfica completa Código de barras Visto por última vez Precio de reemplazo Tipo de ítem Koha
        Biblioteca del Ateneo de Madrid Biblioteca del Ateneo de Madrid Depósito 2 17/01/2008     L-15263 1008236 23/02/2023 23/02/2023 Libro impreso